<?xml version="1.0" encoding="UTF-8"?>
<record
    xmlns:xsi="http://www.w3.org/2001/XMLSchema-instance"
    xsi:schemaLocation="http://www.loc.gov/MARC21/slim http://www.loc.gov/standards/marcxml/schema/MARC21slim.xsd"
    xmlns="http://www.loc.gov/MARC21/slim">

  <leader>02388njm a2200397Ia 4500</leader>
  <controlfield tag="001">82684</controlfield>
  <controlfield tag="003">IT-RoPAU</controlfield>
  <controlfield tag="005">20220918181124.0</controlfield>
  <controlfield tag="008">131025s9999    xx            000 0 und d</controlfield>
  <datafield tag="040" ind1=" " ind2=" ">
    <subfield code="a">IT-RoPAU</subfield>
  </datafield>
  <datafield tag="040" ind1=" " ind2=" ">
    <subfield code="c">IT-RoPAU</subfield>
  </datafield>
  <datafield tag="999" ind1=" " ind2=" ">
    <subfield code="c">100015</subfield>
    <subfield code="d">100015</subfield>
  </datafield>
  <datafield tag="999" ind1=" " ind2=" ">
    <subfield code="b">n.d.</subfield>
  </datafield>
  <datafield tag="100" ind1=" " ind2=" ">
    <subfield code="a">AA.VV.</subfield>
    <subfield code="9">794</subfield>
  </datafield>
  <datafield tag="100" ind1=" " ind2=" ">
    <subfield code="e">Autore musica</subfield>
    <subfield code="9">25976</subfield>
  </datafield>
  <datafield tag="100" ind1=" " ind2=" ">
    <subfield code="g">Codice autore musica SPICS: 12000</subfield>
    <subfield code="9">796</subfield>
  </datafield>
  <datafield tag="245" ind1=" " ind2=" ">
    <subfield code="a">Licence To Kill (The James Bond 007 Original Motion Picture Soundtrack Album)</subfield>
  </datafield>
  <datafield tag="250" ind1=" " ind2=" ">
    <subfield code="a">1a ed.</subfield>
  </datafield>
  <datafield tag="260" ind1=" " ind2=" ">
    <subfield code="a">USA</subfield>
  </datafield>
  <datafield tag="260" ind1=" " ind2=" ">
    <subfield code="b">MCA RECORDS</subfield>
    <subfield code="c">1989 [1a Ed.:1989]</subfield>
  </datafield>
  <datafield tag="300" ind1=" " ind2=" ">
    <subfield code="a">DISCO</subfield>
  </datafield>
  <datafield tag="300" ind1=" " ind2=" ">
    <subfield code="c">46 minuti (Testo: 0 pag.)</subfield>
  </datafield>
  <datafield tag="500" ind1=" " ind2=" ">
    <subfield code="a">Colonna sonora di film interpretati da James Bond Agente 007. Musica da film.</subfield>
  </datafield>
  <datafield tag="505" ind1=" " ind2=" ">
    <subfield code="a">James &amp; Felix On Their Way To Church (4:00) - His Funny Valentine (4:00) - Sanchez Is in the Bahamas/Shark Fishing (3:00) - Ninja (7:00) - Licence Revoked (8:00) - Licence To Kill [(dal film Licenza di Uccidere) (6:00)] - Wedding Party [(dal film Wedding Party) (4:00)] - Dirty Love [(dal Film Dirty Love) (4:00)] - Pam (4:00) - If You Asked To Me (4:00)</subfield>
  </datafield>
  <datafield tag="650" ind1=" " ind2=" ">
    <subfield code="a">COLONNE SONORE [DISCHI]</subfield>
    <subfield code="e">Codice MATERIA SPICS: 9950</subfield>
    <subfield code="9">1905</subfield>
  </datafield>
  <datafield tag="700" ind1=" " ind2=" ">
    <subfield code="a">Kamen Michael</subfield>
    <subfield code="d">Codice autore musica SPICS: 26930</subfield>
    <subfield code="e">Autore musica</subfield>
    <subfield code="p">James &amp; Felix On Their Way To Church - His Funny Valentine - Sanchez Is in the Bahamas/Shark Fishing - Ninja - Licence Revoked - Pam</subfield>
    <subfield code="9">25978</subfield>
  </datafield>
  <datafield tag="700" ind1=" " ind2=" ">
    <subfield code="a">Norman Monty</subfield>
    <subfield code="d">Codice autore SPICS: 20368</subfield>
    <subfield code="e">Autore</subfield>
    <subfield code="p">James &amp; Felix On Their Way To Church - Sanchez Is in the Bahamas/Shark Fishing - Ninja - Licence Revoked - Pam</subfield>
    <subfield code="9">25979</subfield>
  </datafield>
  <datafield tag="700" ind1=" " ind2=" ">
    <subfield code="a">Walden Narada Michael</subfield>
    <subfield code="d">Codice autore musica SPICS: 28661</subfield>
    <subfield code="e">Autore musica</subfield>
    <subfield code="p">Licence To Kill</subfield>
    <subfield code="9">25980</subfield>
  </datafield>
  <datafield tag="700" ind1=" " ind2=" ">
    <subfield code="a">Cohen Jeffrey</subfield>
    <subfield code="d">Codice autore SPICS: 20803</subfield>
    <subfield code="e">Autore</subfield>
    <subfield code="p">Licence To Kill</subfield>
    <subfield code="9">25981</subfield>
  </datafield>
  <datafield tag="700" ind1=" " ind2=" ">
    <subfield code="a">Afanasieff Walter</subfield>
    <subfield code="d">Codice autore testo/musica SPICS: 28662</subfield>
    <subfield code="e">Autore testo/musica</subfield>
    <subfield code="p">Licence To Kill</subfield>
    <subfield code="9">25982</subfield>
  </datafield>
  <datafield tag="700" ind1=" " ind2=" ">
    <subfield code="a">Duncan Jimmy</subfield>
    <subfield code="d">Codice autore musica SPICS: 28663</subfield>
    <subfield code="e">Autore musica</subfield>
    <subfield code="p">Wedding Party</subfield>
    <subfield code="9">25983</subfield>
  </datafield>
  <datafield tag="700" ind1=" " ind2=" ">
    <subfield code="a">Brennan Phillip</subfield>
    <subfield code="d">Codice autore SPICS: 28664</subfield>
    <subfield code="e">Autore</subfield>
    <subfield code="p">Wedding Party</subfield>
    <subfield code="9">25984</subfield>
  </datafield>
  <datafield tag="700" ind1=" " ind2=" ">
    <subfield code="a">Dubin Steve</subfield>
    <subfield code="d">Codice autore musica SPICS: 28665</subfield>
    <subfield code="e">Autore musica</subfield>
    <subfield code="p">Dirty Love</subfield>
    <subfield code="9">25985</subfield>
  </datafield>
  <datafield tag="700" ind1=" " ind2=" ">
    <subfield code="a">Pescetto Jeff</subfield>
    <subfield code="d">Codice autore SPICS: 28666</subfield>
    <subfield code="e">Autore</subfield>
    <subfield code="p">Dirty Love</subfield>
    <subfield code="9">25986</subfield>
  </datafield>
  <datafield tag="700" ind1=" " ind2=" ">
    <subfield code="a">Warren Dianne</subfield>
    <subfield code="d">Codice autore musica SPICS: 28388</subfield>
    <subfield code="e">Autore musica</subfield>
    <subfield code="p">If You Asked To Me</subfield>
    <subfield code="9">25987</subfield>
  </datafield>
  <datafield tag="942" ind1=" " ind2=" ">
    <subfield code="c">MD</subfield>
    <subfield code="2">ddc</subfield>
  </datafield>
  <datafield tag="952" ind1=" " ind2=" ">
    <subfield code="0">0</subfield>
    <subfield code="1">0</subfield>
    <subfield code="4">0</subfield>
    <subfield code="6">82684_000000000000000</subfield>
    <subfield code="7">1</subfield>
    <subfield code="a">SPICS</subfield>
    <subfield code="b">SPICS</subfield>
    <subfield code="d">2013-10-25</subfield>
    <subfield code="l">0</subfield>
    <subfield code="o">82684</subfield>
    <subfield code="r">2013-10-25 00:00:00</subfield>
    <subfield code="w">2013-10-25</subfield>
    <subfield code="y">MD</subfield>
    <subfield code="z">Progr. Ins.: 20819 / N.Vol.: 1 / Copie: 1 - Copia rara: n.d. / date import: 01.01.2014 - By Epidotti, Trombetti, Vaglietti</subfield>
  </datafield>
</record>
